The Muslim marriage and divorce law reports: (Record no. 185)
[ view plain ]
| 000 -LEADER | |
|---|---|
| fixed length control field | 007680000a22001810004500 |
| 005 - DATE AND TIME OF LATEST TRANSACTION | |
| control field | 20231211113315.0 |
| 008 - FIXED-LENGTH DATA ELEMENTS--GENERAL INFORMATION | |
| fixed length control field | 230817t1966 ||||| |||| 00| 0 eng d |
| 082 ## - DEWEY DECIMAL CLASSIFICATION NUMBER | |
| Classification number | 340.59 |
| Item number | CEY |
| 942 ## - ADDED ENTRY ELEMENTS (KOHA) | |
| Item Type | Reports |
| 110 ## - MAIN ENTRY--CORPORATE NAME | |
| Corporate Name | Ceylon, the government |
| 700 ## - ADDED ENTRY--PERSONAL NAME | |
| Personal name | Markhani, M. |
| Relator Term | editor |
| 245 ## - TITLE STATEMENT | |
| Title | The Muslim marriage and divorce law reports: |
| Sub Title | containing cases decided by the Board of Quazis, the Supreme Court of Ceylon and Her Majesty the Queen in Her Privy Council on appeal from the Supreme Court of Ceylon, and articles on marriage and divorce and other connected matters, with a digest |
| 260 ## - PUBLICATION, DISTRIBUTION, ETC. (IMPRINT) | |
| Place of Publication | Colombo: |
| Name of Publisher | [the government press], |
| Date of Copyright | 1966 |
| 300 ## - PHYSICAL DESCRIPTION | |
| Extent | 149 p. |
| 490 ## - SERIES STATEMENT | |
| Series statement | Volume-III |
| 650 ## - SUBJECT ADDED ENTRY--TOPICAL TERM | |
| Topical Term | Divorce (Islamic law)- Sri Lanka |
| 650 ## - SUBJECT ADDED ENTRY--TOPICAL TERM | |
| Topical Term | Marriage (Islamic law)- Sri Lanka |
| Withdrawn status | Lost status | Damaged status | Not for loan | Permanent location | Current location | Date acquired | Total Checkouts | Full call number | Barcode | Date last seen | Price effective from | Koha item type |
|---|---|---|---|---|---|---|---|---|---|---|---|---|
| Resource center, Muslim Women's Research And Action Forum | Resource center, Muslim Women's Research And Action Forum | 2023-08-17 | 340.59 CEY | RAF4014 | 2023-08-17 | 2023-08-17 | Books |

